00350nam a2200133Ia 4500008004100000020002200041041000800063082001000071100004500081245003200126260004100158300000900199365000800208250204s2023 xx 000 0 und d a978-93-5573-562-1 aeng a658.4 aRandall S. Billingsley/Lawrence J.Gitman aPersonal Financial Planning bCengage Learning India Pvt.Ltdc2023 a668P h10%